Statistics for Drengenavne i DK (2020)

Click here to take the quiz!

General Stats

  • This quiz has been taken 1.652 times
    (891 since last reset)
  • The average score is 10 of 20

Answer Stats

Nr.NavnAntal% Correct
8Christian37.694
71%
1Peter48.011
68%
2Jens45.000
67%
4Lars44.370
58%
12Anders33.920
56%
16Hans31.084
56%
15Mads31.857
56%
7Søren40.152
54%
20Ole30.082
49%
19Rasmus30.363
46%
5Thomas41.987
46%
13Morten33.877
45%
6Henrik41.896
44%
11Niels34.790
44%
10Martin37.132
42%
3Michael44.811
39%
17Jørgen31.036
37%
14Jesper33.706
36%
18Per30.636
35%
9Jan37.581
31%

Score Distribution

Percentile by Number Answered

Percent of People with Each Score

Your Score History

You have not taken this quiz since the last reset